000 00749cam a22002411 4500
001 sa 68006858
003 DLC
005 20260227112519.0
008 710915r19661923ii 00000 eng
010 _asa 68006858 //r85
025 _aPL480:I-E-9266
041 0 _aengsan
050 0 _aBL1130
_b.S45
082 _a294.5/924
100 1 0 _aShankar, Bhavani,
_d1859-1936.
245 1 4 _aThe doctrine of the Bhagavad Gita.
260 0 _aBombay,
_bPopular Prakashan
_c[1966]
300 _axi, 148 p.
_c18 cm.
350 _aRs3.50
500 _aReprint of Lectures on Bhagavad Gita, first published in 1923, and The Doctrine of the Bhagavad Gita, first published in 1928.
500 _aIncludes passages in Sanskrit.
630 0 0 _aBhagavadgītā.
999 _c81575
_d81575